| 000 | 00647nam a2200229Ia 4500 | ||
|---|---|---|---|
| 999 |
_c50826 _d50826 |
||
| 001 | 17779 | ||
| 003 | GE_BSU | ||
| 005 | 20221114173712.0 | ||
| 008 | 181216s2010fr xx |||||||||||||| ||fre|| | ||
| 020 | _a9782278064472ხ | ||
| 040 | _cGE_BSU | ||
| 041 | _afre | ||
| 080 | _a811.133.1 G-48 | ||
| 100 |
_aGirardeau,Bruno. _97378 |
||
| 245 |
_aReussir le Delf A1 + Cd / _cBruno Girardeau ; Mous Nelly. |
||
| 264 |
_aParis : _bDidier, _c2010. |
||
| 300 |
_a128 p .: _bill ; _c27 cm. _e+1CD |
||
| 653 | _aReussir le Delf A1 | ||
| 653 | _aფრანგული ენა | ||
| 700 |
_aNelly, Mous, _97379 _eავტორი |
||
| 942 |
_cBK _2udc |
||